Т. 161, вып. 4; Журнал экспериментальной и теоретической физики

Detalles Bibliográficos
Parent link:Журнал экспериментальной и теоретической физики=ЖЭТФ/ Российская академия наук (РАН) ; Отделение физических наук РАН. Т. 161, вып. 4.— , 1931-
Lenguaje:ruso
Publicado: 2022
Acceso en línea:http://jetp.ras.ru/cgi-bin/r/index/r/161/4?a=list
Formato: Electrónico Libro
KOHA link:https://koha.lib.tpu.ru/cgi-bin/koha/opac-detail.pl?biblionumber=588429

MARC

LEADER 00000nam2a2200000 4500
001 588429
005 20231101131517.0
035 |a (RuTPU)RU\TPU\prd\291145 
035 |a RU\TPU\prd\291144 
090 |a 588429 
100 |a 20221219a18739999k y0rusy50 ca 
101 0 |a rus 
102 |a RU 
181 0 |a i  
182 0 |a b 
200 0 |a Т. 161, вып. 4  |b Электронный ресурс 
203 |a Текст  |c электронный 
210 |d 2022 
461 1 |0 (RuTPU)RU\TPU\prd\1443  |t Журнал экспериментальной и теоретической физики  |l ЖЭТФ  |f Российская академия наук (РАН) ; Отделение физических наук РАН  |v Т. 161, вып. 4  |d 1931- 
801 0 |a RU  |b 63413507  |c 20010227  |g PSBO 
801 1 |a RU  |b 63413507  |c 20170904 
801 2 |a RU  |b 63413507  |c 20221219  |g RCR 
856 4 0 |u http://jetp.ras.ru/cgi-bin/r/index/r/161/4?a=list 
942 |c BK